South Park Celebrities Quiz Stats

 Plays Quiz Updated Apr 27, 2012

Challenge
Share
Tweet
Score 0/35 Timer 05:00
3 Plays Today
. % Correct
Michael Jackson
87%
Tiger Woods
84.7%
Tom Cruise
84.4%
Bono
83.9%
Kanye West
80.2%
Oprah Winfrey
80%
Hillary Clinton
79.6%
Mel Gibson
78.5%
Jonas Brothers
78.3%
Morgan Freeman
77.1%
Britney Spears
74.6%
Nicole 'Snooki' Polizzi
72.1%
Justin Bieber
71.8%
Bill Gates
67%
George Lucas
65.5%
Kim Kardashian
59.2%
Paris Hilton
58.2%
Sarah Jessica Parker
50.9%
. % Correct
Al Gore
50.3%
R. Kelly
49%
Ben Affleck
46.9%
Liza Minnelli
46.4%
Russell Crowe
46%
Angelina Jolie
44.5%
Barbra Streisand (Mecha Streisand)
42.6%
Christina Aguilera
41.1%
Phil Collins
34%
Rob Reiner
31%
Martha Stewart
29.7%
Rob Schneider
29.1%
Cesar Millan
27.1%
Kurt Russell
27%
Tim Burton
24.2%
Jimmy Buffett
22.8%
Gene Hackman
17.1%

You're not logged in!

Compare scores with friends on all Sporcle quizzes.
Join for Free
OR
Log In

You Might Also Like...

Show Comments

Extras

Top Quizzes Today


Score Distribution

Your Account Isn't Verified!

In order to create a playlist on Sporcle, you need to verify the email address you used during registration. Go to your Sporcle Settings to finish the process.

Report this User

Report this user for behavior that violates our Community Guidelines.

Details: